• 首页
  • 本馆介绍
  • 公告通知
  • 最新文献
  • 馆藏检索
  • 电子资源
  • 读者导购
  • 参考咨询
  • 我的图书馆
  • 登录
  • 详细信息显示
  • 放入我的书架
  • 预约/预借图书
  • 作者相关作品
  • 分类相关作品
  • 丛书相关作品
  • 出版社相关作品

书目信息

  • 表格格式
  • 工作单格式
  • 卡片格式
题名:
鲁迅论中国古典文学
    
 
作者: ;厦门大学中文系 编
分册:  
出版信息: 福州   福建人民出版社  1979
页数: 322页
开本: 19cm
丛书名:
单 册:
中图分类: I210.2
科图分类:
主题词: 鲁迅著作--选集
电子资源:
ISBN:
000 00617nam0 2200217 45
001 0179001891
005 20050404093308.2
010    @dCNY0.80
091    @a10173.120
100    @a19950811d1979 em y0chiy0121 ea
101 0  @achi
102    @aCN@b350000
105    @ay r 000zy
200 10 @a鲁迅论中国古典文学@Alu xun lun zhong guo gu dian wen xue@f厦门大学中文系编@FXia Men Da Xue Zhong Wen Xi Bian
210    @a福州@c福建人民出版社@d1979
215    @a322页@d19cm
606 0  @a鲁迅著作@x选集
690    @aI210.2@v3
711 02 @a厦门大学中文系@4编
801  0 @aCN@bNLC@c20040414
905    @dI210.2@e14@b26682@f1
    
    鲁迅论中国古典文学/厦门大学中文系编.-福州:福建人民出版社,1979
    322页;19cm
    
    
    ISBN :CNY0.80
    
●
相关链接 在E读中查询图书 在五车中查询图书 在当当中查询图书 在豆瓣中查询图书


正题名:鲁迅论中国古典文学     索取号:I210.2/14         预约/预借

序号 登录号 条形码 馆藏地/架位号 状态 备注
1 0026682   001991624   第二借阅区/ [索取号:I210.2/14] 在馆    
2 0179454   000531838   第一样本阅览室/ [索取号:I210.2/14] 在馆    
唐山师范学院图书馆 欢迎您!
大连网信软件有限公司© 版权所有